<?xml version="1.0" encoding="UTF-8"?><?xml-stylesheet type="text/xsl" href="static/style.xsl"?><OAI-PMH xmlns="http://www.openarchives.org/OAI/2.0/" xmlns:xsi="http://www.w3.org/2001/XMLSchema-instance" xsi:schemaLocation="http://www.openarchives.org/OAI/2.0/ http://www.openarchives.org/OAI/2.0/OAI-PMH.xsd"><responseDate>2026-04-14T21:06:06Z</responseDate><request verb="GetRecord" identifier="oai:uvadoc.uva.es:10324/57778" metadataPrefix="marc">https://uvadoc.uva.es/oai/request</request><GetRecord><record><header><identifier>oai:uvadoc.uva.es:10324/57778</identifier><datestamp>2022-12-14T20:03:50Z</datestamp><setSpec>com_10324_38</setSpec><setSpec>col_10324_852</setSpec></header><metadata><record xmlns="http://www.loc.gov/MARC21/slim" xmlns:doc="http://www.lyncode.com/xoai" xmlns:xsi="http://www.w3.org/2001/XMLSchema-instance" xmlns:dcterms="http://purl.org/dc/terms/" xsi:schemaLocation="http://www.loc.gov/MARC21/slim http://www.loc.gov/standards/marcxml/schema/MARC21slim.xsd">
<leader>00925njm 22002777a 4500</leader>
<datafield tag="042" ind1=" " ind2=" ">
<subfield code="a">dc</subfield>
</datafield>
<datafield tag="720" ind1=" " ind2=" ">
<subfield code="a">Blázquez Roldán, Paula</subfield>
<subfield code="e">author</subfield>
</datafield>
<datafield tag="260" ind1=" " ind2=" ">
<subfield code="c">2022</subfield>
</datafield>
<datafield tag="520" ind1=" " ind2=" ">
<subfield code="a">El trabajo presentado a continuación, busca reflexionar acerca de la implementación de la inteligencia emocional en el aula de inglés, a través de la metodología de Aprendizaje por Proyectos. La Inteligencia emocional es la habilidad de detectar las emociones propias y de los demás, regularlas y expresarlas de forma asertiva. Estas capacidades se desarrollan tanto en el entorno escolar como fuera de él&#xd;
La primera parte del trabajo recoge los principales enfoques, teorías y modelos de la Inteligencia Emocional, y su transversalidad con el área de inglés. En la segunda parte, se desarrolla un propuesta de intervención en el aula, basada en un proyecto con un escape room como tarea final, así como las conclusiones de la realización del trabajo.</subfield>
</datafield>
<datafield tag="024" ind2=" " ind1="8">
<subfield code="a">https://uvadoc.uva.es/handle/10324/57778</subfield>
</datafield>
<datafield tag="245" ind1="0" ind2="0">
<subfield code="a">Inteligencia emocional en el aula de inglés de Educación Primaria</subfield>
</datafield>
</record></metadata></record></GetRecord></OAI-PMH>